Miami Heat All-Time Starters - Statistics

General Stats
  • This quiz has been taken 55 times
  • The average score is 5 of 7
Answer Stats
Hint Answer % Correct
PF LeBron James
100%
SG Dwyane Wade
98%
C Alonzo Mourning
81%
SF Jimmy Butler
75%
Coach Erik Spoelstra
74%
PG Tim Hardaway
60%
6th man Udonis Haslem
38%
No matching quizzes found
Score Distribution
Percent of People with Each Score
Percentile by Number Answered
Your Score History
You have not taken this quiz